Breve índice de correcciones idiomáticas.

Gardado en:
Detalles Bibliográficos
Autor Principal: Morales Pettorino, Félix (autor)
Formato: Libro
Idioma:Lingua castelá
Publicado: Valparaíso, Chile Universidad Católica de Valparaíso 1960
Edición:Primera edición
Subjects:
Tags: Engadir etiqueta
Sen Etiquetas, Sexa o primeiro en etiquetar este rexistro!

MARC

LEADER 00000nam a2200000 a 4500
001 UCX0191
003 CL-VaPUC
005 20220830074156.0
008 890824e19600000CL |||||||||||||||||spa|d
999 |c 221880  |d 221878 
040 |c Pontificia Universidad Católica de Valparaíso 
082 0 4 |a 465 MOR 1960  |2 21 
100 |a Morales Pettorino, Félix  |e autor  |9 767570 
245 1 0 |a Breve índice de correcciones idiomáticas. 
250 |a Primera edición 
260 0 3 |a Valparaíso, Chile  |b Universidad Católica de Valparaíso  |c 1960 
300 |a 288 páginas 
500 |a Prólogo de Iván Droguett Czischke 
583 |a last modification  |c 20160602 17:23:57  |k Rodrigo Vera 
650 0 |a Idioma español  |9 309143 
650 0 |a Gramática  |9 270497 
650 0 |a Educación lingüística  |9 306506 
650 0 |a Académicos   |x Pontificia Universidad Católica de Valparaíso (PUCV)  |9 255553 
650 0 |a Archivo histórico PUCV  |9 255554 
942 |c BK  |2 ddc 
945 |d 19890824 00:00:00 
952 |0 0  |1 0  |2 ddc  |4 0  |6 465_000000000000000_MOR_1960  |7 0  |8 A  |9 215886  |a BIBCUR  |b BIBCUR  |d 2019-11-15  |i 2844397  |o 465 MOR 1960  |p 2844397  |r 2025-04-22  |t 12  |w 2019-11-15  |y BK  |k BCB 
952 |0 0  |1 0  |2 ddc  |4 0  |6 465_000000000000000_MOR_1960  |7 0  |8 A  |9 215888  |a BIBEDU  |b BIBEDU  |d 2019-11-15  |i 1586564  |o 465 MOR 1960  |p 1586564  |r 2019-11-15  |t 10  |w 2019-11-15  |y BK  |k FIL 
952 |0 0  |1 0  |2 ddc  |4 0  |6 465_000000000000000_MOR_1960  |7 0  |8 A  |9 215889  |a BIBEDU  |b BIBEDU  |d 2019-11-15  |i 1416502  |o 465 MOR 1960  |p 1416502  |r 2019-11-15  |t 4  |w 2019-11-15  |y BK  |k LIT 
952 |0 0  |1 0  |2 ddc  |4 0  |6 465_000000000000000_MOR_1960  |7 0  |8 A  |9 215890  |a BIBEDU  |b BIBEDU  |d 2019-11-15  |i 1416553  |o 465 MOR 1960  |p 1416553  |r 2019-11-15  |t 5  |w 2019-11-15  |y BK  |k LIT 
952 |0 0  |1 0  |2 ddc  |4 0  |6 465_000000000000000_MOR_1960  |7 0  |8 A  |9 215891  |a BIBEDU  |b BIBEDU  |d 2019-11-15  |i 1416847  |o 465 MOR 1960  |p 1416847  |r 2019-11-15  |t 6  |w 2019-11-15  |y BK  |k LIT 
952 |0 0  |1 0  |2 ddc  |4 0  |6 465_000000000000000_MOR_1960  |7 0  |8 A  |9 215892  |a BIBEDU  |b BIBEDU  |d 2019-11-15  |i 1416898  |o 465 MOR 1960  |p 1416898  |r 2019-11-15  |t 7  |w 2019-11-15  |y BK  |k LIT 
952 |0 0  |1 0  |2 ddc  |4 0  |6 465_000000000000000_MOR_1960  |7 0  |8 A  |9 215893  |a BIBEDU  |b BIBEDU  |d 2019-11-15  |i 1416944  |o 465 MOR 1960  |p 1416944  |r 2019-11-15  |t 8  |w 2019-11-15  |y BK  |k LIT 
952 |0 0  |1 0  |2 ddc  |4 0  |6 465_000000000000000_MOR_1960  |7 0  |8 A  |9 215894  |a BIBEDU  |b BIBEDU  |d 2019-11-15  |i 1416995  |o 465 MOR 1960  |p 1416995  |r 2019-11-15  |t 9  |w 2019-11-15  |y BK  |k LIT 
952 |0 0  |1 0  |2 ddc  |4 0  |6 465_000000000000000_MOR_1960  |7 0  |8 X  |9 215895  |a FDOBUD  |b FDOBUD  |d 2019-11-15  |i 1077104  |o 465 MOR 1960  |p 1077104  |r 2019-11-15  |t 1  |w 2019-11-15  |y BK_X  |k BUD 
952 |0 0  |1 0  |2 ddc  |4 0  |6 465_000000000000000_MOR_1960  |7 0  |8 X  |9 215896  |a FDOBUD  |b FDOBUD  |d 2019-11-15  |i 1082108  |o 465 MOR 1960  |p 1082108  |r 2019-11-15  |t 2  |w 2019-11-15  |y BK_X  |k BUD 
952 |0 0  |1 0  |2 ddc  |4 0  |6 465_000000000000000_MOR_1960  |7 0  |8 X  |9 215897  |a FDOBUD  |b FDOBUD  |d 2019-11-15  |i 1082116  |o 465 MOR 1960  |p 1082116  |r 2019-11-15  |t 3  |w 2019-11-15  |y BK_X  |k BUD